000 00591nam a22002177a 4500
003 UA-OsUOA
001 36793
007 ta
008 20060215b un ||||| |||| 00| 0 ukr d
100 _aПрес-служба Міністерства фінансів
090 _a330
942 _cSA
040 _aUA-OsUOA
_bukr
_cUA-OsUOA
_dUA-OsUOA
245 _aБанки для обслуговування зарплатних проектів
300 _aС.8
955 _a0
041 _aukr
080 _a330
773 0 _w36790
650 7 _a330 Економіка взагалі
_2UDC
999 _c323041
_d323041